Las Labores nocturnas: hacia una semiología de las prácticas en contextos interculturales poscoloniales /

Gespeichert in:
Bibliographische Detailangaben
1. Verfasser: Grosso, José Luis
Format: Text
Schlagworte:
Tags: Tag hinzufügen
Keine Tags, Fügen Sie den ersten Tag hinzu!

MARC

LEADER 00000 a a2200000 04500
001 17344
003
040
100 |a Grosso, José Luis  
245 |a Las Labores nocturnas:   |b hacia una semiología de las prácticas en contextos interculturales poscoloniales /  |c José Luis Grosso 
650 |a HISTORIOGRAFIA  
650 |a DISCURSOS  
650 |a IDEOLOGIAS  
650 |a AMERICAS  
650 |a AFRICA  
650 |a COLONIALISMO  
650 |a ESPAÑOLES  
650 |a EUROPEOS  
650 |a HEGEMONIA  
773 |g número 63; páginas 41-74  
999 |c 31996  |d 31996